Which country has Iceland most similarty on dna - Statistics

General Stats
  • This quiz has been taken 50 times
  • The average score is 17 of 20
Answer Stats
Hint Answer % Correct
3 Denmark
100%
1 Norway
97%
4 UK
97%
5 Ireland
95%
2 Sweden
95%
6 Netherlands
92%
8 Finland
89%
7 Germany
89%
12 France
87%
13 Luxembourg
87%
17 Austria
84%
11 Belgium
84%
9 Estonia
84%
15 Poland
84%
10 Latvia
82%
18 Switzerland
82%
16 Czechia
79%
14 Lithuania
76%
20 Hungary
61%
19 Slovenia
61%
No matching quizzes found
Score Distribution
Percent of People with Each Score
Percentile by Number Answered
Your Score History
You have not taken this quiz